<?xml version="1.0" encoding="UTF-8"?>
<collection xmlns="http://www.loc.gov/MARC21/slim">
 <record>
  <leader>00733nam a22002171a 4500</leader>
  <controlfield tag="001">000034552</controlfield>
  <controlfield tag="003">10754</controlfield>
  <controlfield tag="005">20220523084328.0</controlfield>
  <controlfield tag="008">151027s2009                  000   N</controlfield>
  <datafield tag="082" ind1=" " ind2=" ">
   <subfield code="a">491.730</subfield>
   <subfield code="b">DƯ-C</subfield>
  </datafield>
  <datafield tag="100" ind1=" " ind2=" ">
   <subfield code="a">Dương Quốc Cường</subfield>
  </datafield>
  <datafield tag="245" ind1=" " ind2="0">
   <subfield code="a">Vấn đề sử dụng các thành ngữ trong văn xuôi của L.Tônxtôi và các phương thức truyền đạt chúng sang tiếng Việt /</subfield>
   <subfield code="c">Dương Quốc Cường.</subfield>
  </datafield>
  <datafield tag="260" ind1=" " ind2=" ">
   <subfield code="a">Tri thức,</subfield>
   <subfield code="c">2009.</subfield>
  </datafield>
  <datafield tag="300" ind1=" " ind2=" ">
   <subfield code="a">268tr. : mh ; 20cm.</subfield>
  </datafield>
  <datafield tag="650" ind1=" " ind2=" ">
   <subfield code="a">Dương Quốc Cường, 2009, văn xuôi, văn hóa</subfield>
  </datafield>
  <datafield tag="OWN" ind1=" " ind2=" ">
   <subfield code="a">LNN</subfield>
  </datafield>
  <datafield tag="999" ind1=" " ind2=" ">
   <subfield code="a">From the UDN01</subfield>
  </datafield>
  <datafield tag="TYP" ind1=" " ind2=" ">
   <subfield code="a">Monograph</subfield>
  </datafield>
  <datafield tag="980" ind1=" " ind2=" ">
   <subfield code="a">Mạng thư viện Đại học Đà Nẵng</subfield>
  </datafield>
 </record>
</collection>
